Paesi nominati nella pagina Wikipedia dell'Irlanda - Statistics

Statistiche generali
  • Questo quiz è stato fatto 31 volte
  • Il punteggio medio è 10 su 14
Statistiche sulle risposte
Volte in cui viene nominato Indizio (basato sul motivo per cui lo stato viene nominato nella pagina Wikipedia) Paese % Corretto
19 Paese confinante Regno Unito
100%
1 Paese da cui, negli ultimi anni, un flusso di immigrati si è trasferito in Irlanda Spagna
96%
1 Paese da cui, negli ultimi anni, un flusso di immigrati si è trasferito in Irlanda Germania
91%
1 Come questo paese, nell'UE l'Irlanda adotta più lingue costituzionali sui documenti Belgio
87%
2 Paese da cui, negli ultimi anni, un flusso di immigrati si è trasferito in Irlanda Francia
87%
1 Paese da cui, negli ultimi anni, un flusso di immigrati si è trasferito in Irlanda Italia
87%
1 Per mantenere la sua politica di neutralità, l'Irlanda detiene una flotta esigua, che in Europa occidentale è superiore solo a quella di questo stato senza sbocco sul mare Svizzera
87%
1 Fu meta di grande emigrazione irlandese tra '800 e '900 Stati Uniti
83%
1 Paese da cui, negli ultimi anni, un flusso di immigrati si è trasferito in Irlanda Polonia
74%
1 Come questo paese, nell'UE l'Irlanda adotta più lingue costituzionali sui documenti Finlandia
57%
1 Paese da cui, negli ultimi anni, un flusso di immigrati si è trasferito in Irlanda Brasile
52%
1 Paese da cui, negli ultimi anni, un flusso di immigrati si è trasferito in Irlanda Romania
43%
1 Paese da cui, negli ultimi anni, un flusso di immigrati si è trasferito in Irlanda Lettonia
39%
1 Paese da cui, negli ultimi anni, un flusso di immigrati si è trasferito in Irlanda Lituania
39%
Nessun quiz corrispondente trovato
Distribuzione punteggi
Percentuale di utenti per punteggio
Percentile per numero di risposta
I tuoi punteggi nel tempo
Non hai fatto questo quiz